Avant ou après la découverte de l'Amérique ? - Statistiques

Statistiques générales
  • Ce quiz a été pris 33 fois
  • Le résultat moyen est 11 sur 15
Statistiques - réponses
Question Réponse % Correct
Révolution française Après
100%
Début de la colonisation du Brésil Après
93%
Premier tour du monde Après
93%
Fondation de l'Empire ottoman Avant
93%
Chute de l'Empire romain d'Occident Avant
90%
Découverte de la gravité par Newton Après
87%
Construction de la cathédrale de Notre-Dame de Paris Avant
83%
Fin de la guerre de Cent Ans Avant
77%
Michel-Ange peint le plafond de la Chapelle Sixtine Après
73%
La chute de Constantinople Avant
73%
Invention de l'imprimerie par Gutenberg Avant
67%
Chute de l'empire aztèque Après
57%
Naissance de Léonard de Vinci Avant
57%
Premier voyage de Vasco de Gama en Inde Après
50%
Le début du calendrier grégorien Après
27%
Aucun quiz correspondant
Distribution des résultats
% des personnes avec chaque résultat
Percentile par nombre de réponses
Votre historique - résultats
Vous n’avez pas pris ce quiz